ბათუმის შოთა რუსთაველის სახელმწიფო უნივერსიტეტის ბიბლიოთეკა

Справочник по технике безопасности и производственной санитарии для предприятий машиностроения. (ბიბ.ჩანაწერი № 37892)

000 -LEADER
fixed length control field 00951nam a2200205Ia 4500
001 - CONTROL NUMBER
control field 3870
003 - CONTROL NUMBER IDENTIFIER
control field GE_BSU
008 - FIXED-LENGTH DATA ELEMENTS--GENERAL INFORMATION
fixed length control field 181216s||||||||xx |||||||||||||| ||und||
040 ## - CATALOGING SOURCE
Transcribing agency GE_BSU
080 ## - UNIVERSAL DECIMAL CLASSIFICATION NUMBER
Universal Decimal Classification number 621.8(035.3)
100 ## - MAIN ENTRY--PERSONAL NAME
Personal name Игнатюк,А.И. Цыганов,М.А. Кугинис,Б.Л. Храмцов,В.А.
245 ## - TITLE STATEMENT
Title Справочник по технике безопасности и производственной санитарии для предприятий машиностроения.
245 ## - TITLE STATEMENT
Statement of responsibility, etc. Ред. Д.Я.Симонс.
260 ## - PUBLICATION, DISTRIBUTION, ETC.
Place of publication, distribution, etc. М.
260 ## - PUBLICATION, DISTRIBUTION, ETC.
Name of publisher, distributor, etc. Гос. научно-техническое издательство машиностр. лит.
260 ## - PUBLICATION, DISTRIBUTION, ETC.
Date of publication, distribution, etc. 1962.
300 ## - PHYSICAL DESCRIPTION
Extent 592 стр. 22 см.
653 ## - INDEX TERM--UNCONTROLLED
Uncontrolled term Справочник по технике безопасности и производственной санитарии для предприятий машиностроения.
942 ## - ADDED ENTRY ELEMENTS (KOHA)
Koha item type წიგნი
ეგზემპლარები
Withdrawn status Lost status Damaged status Not for loan Date acquired Barcode Date last seen Price effective from Koha item type
        2018-12-17 9334 2018-12-17 2018-12-17 წიგნი
        2018-12-17 9335 2018-12-17 2018-12-17 წიგნი